000 00399nam a22001697a 4500
003 MPLRDC
005 20220104113759.0
008 210129b ||||| |||| 00| 0 eng d
082 _a857.45 GY-2 v.6
100 _a高阳
245 _a瀛台落日
_c
260 _a
_b皇冠出版社
_c1981
300 _b
490 _a皇冠丛书. 517
650 _a历史小说
942 _cBK
_o857.45 GY-2 v.6
999 _c2297
_d2287